| 000 | 00962nas a2200325 4500 | ||
|---|---|---|---|
| 001 | BR0103833 | ||
| 003 | BR-BrBNA | ||
| 005 | 20231205102408.0 | ||
| 007 | ta | ||
| 008 | 230509b bl.|||p| |||| 00| 00por d | ||
| 040 |
_aBR-BrBNA _bpor _cBiblioteca Nacional de Agricultura |
||
| 041 | _a(Pt) | ||
| 072 | _aL53 | ||
| 100 | 1 | _aMaciel, M.N. | |
| 100 | 1 | _aNeves, J.P. | |
| 100 | 1 | _aGoncalves, P.B.D. | |
| 100 | 1 | _aOliveira, J.F. de | |
| 100 | 1 | _aBortolotto, E.B. | |
| 100 | 1 | _aStranieri, P. | |
| 245 | 1 | _aPrograma hormonal associado ao desmame temporario, na inducao de ovulacao em vacas de corte durante o pos-parto | |
| 650 | _aGado de Corte | ||
| 650 | _aHormonio Animal | ||
| 650 | _aCiclo Estral | ||
| 650 | _aOvulacao | ||
| 650 | _aPos-Parto | ||
| 650 | _aDesmama | ||
| 773 | 0 |
_tCiencia Rural (Brazil) _xISSN 0103-8478 _g(May-Jun 2001), v. 31(3) p. 473-478 _wBR0103833 |
|
| 909 |
_a202311 _bLúcia _c55 _dLúcia Elande |
||
| 942 |
_2AGRIS _n0 _cANA |
||
| 999 |
_c167350 _d167350 |
||